| 000 | 00399 a2200133 4500 | ||
|---|---|---|---|
| 001 | ART_7560 | ||
| 005 | 20260410161555.0 | ||
| 008 | 260409a | ||
| 245 | 1 | 0 | _aOptimización del control de calidad |
| 100 | 1 | _aCanetti, Miguel Marcelo | |
| 700 | 1 | _aFreire, Liliana B. | |
| 700 | 1 | _aNeira, Graciela M. | |
| 773 | 0 |
_tProfesional & Empresaria _g- Año IX, Nº 104 (may. 2008) _wREV70 |
|
| 999 |
_c9134 _d9134 |
||